[Event "Tournoi Skype 030B"]
[Site "Skype"]
[Date "????.??.??"]
[Round "1.35"]
[White "Busto, Ricardo"]
[Black "Batista, Andre Luis"]
[Result "1-0"]
[WhiteElo "1198"]
[BlackElo "1000"]
[PlyCount "59"]

1. d4 d5 2. c4 Be6 3. cxd5 Bxd5 4. Nc3 Nf6 5. e3 c6 6. Qc2 g6 7. e4 Be6 8. Nf3
h6 9. h3 b6 10. Be3 b5 11. d5 cxd5 12. exd5 Bxd5 13. Bxb5+ Bc6 14. Bxc6+ Nxc6
15. Rd1 Qc8 16. a3 Bg7 17. Qd2 O-O 18. Bxh6 Bxh6 19. Qxh6 Qe6+ 20. Qe3 Qxe3+
21. fxe3 Nb4 22. axb4 e6 23. b5 Rab8 24. Nd4 e5 25. Nc6 Rbe8 26. Nxa7 Re7 27.
Nc6 Re6 28. Kf2 e4 29. Rd4 Re5 30. Nxe5 1-0

[Event "Tournoi Skype 030B"]
[Site "Skype"]
[Date "????.??.??"]
[Round "1.36"]
[White "Bustos, Elias Ezequiel"]
[Black "Quiel, Aristoteles"]
[Result "1-0"]
[WhiteElo "1000"]
[BlackElo "1196"]
[PlyCount "57"]

1. d4 d5 2. Bf4 f5 3. e3 Nf6 4. Nf3 e6 5. Nbd2 Bd6 6. Ne5 Nbd7 7. Bd3 O-O 8. h4
Ne4 9. Nxe4 dxe4 10. Bc4 Nxe5 11. dxe5 Bb4+ 12. c3 Be7 13. Bg5 Bxg5 14. hxg5
Qxg5 15. Qh5 Qxh5 16. Rxh5 Rd8 17. Ke2 Bd7 18. Rah1 h6 19. R1h3 Be8 20. Bxe6+
Kf8 21. Rxf5+ Ke7 22. Bc4 Ba4 23. Rf7+ Ke8 24. b3 Bc6 25. Rxg7 b5 26. Bxb5
Bxb5+ 27. Ke1 Bc6 28. Rxh6 Rd7 29. Rh8# 1-0

[Event "Tournoi Skype 030B"]
[Site "Skype"]
[Date "????.??.??"]
[Round "1.38"]
[White "Castanha, Marco"]
[Black "Colangelo, Michele"]
[Result "1/2-1/2"]
[WhiteElo "1000"]
[BlackElo "1189"]
[PlyCount "64"]

1. e4 c5 2. Nf3 d6 3. d4 cxd4 4. Nxd4 e5 5. Nf3 Nf6 6. Bd3 Be7 7. O-O O-O 8. c3
h6 9. Re1 a6 10. Nbd2 Nbd7 11. b4 b5 12. Nf1 Qc7 13. Bb2 Bb7 14. Ng3 Nb6 15.
Nf5 Bc8 16. Nxe7+ Qxe7 17. Bc1 Qc7 18. Qc2 Na4 19. c4 Be6 20. cxb5 Qxc2 21.
Bxc2 axb5 22. Bd3 Bc4 23. Bxc4 bxc4 24. Bd2 Rac8 25. Re3 c3 26. Be1 c2 27. Bd2
Ng4 28. Ree1 Nc3 29. Kf1 Rfd8 30. h3 Nf6 31. Bxc3 Rxc3 32. Rac1 d5 1/2-1/2

[Event "Tournoi Skype 030B"]
[Site "Skype"]
[Date "????.??.??"]
[Round "1.39"]
[White "Yepez, German"]
[Black "Cifuentes, Jorge Mario"]
[Result "1-0"]
[WhiteElo "1181"]
[BlackElo "1000"]
[PlyCount "61"]

1. e4 e5 2. Nf3 Be7 3. Nxe5 Nf6 4. Bc4 O-O 5. d3 d6 6. Nf3 h6 7. h3 Nh7 8. c3
Be6 9. Bxe6 fxe6 10. Qb3 Qd7 11. d4 Nc6 12. O-O Na5 13. Qc2 Qc6 14. Nbd2 Ng5
15. Qd3 Rf6 16. Nxg5 hxg5 17. d5 Qe8 18. b4 Qh5 19. bxa5 g4 20. hxg4 Rh6 21.
gxh5 Rxh5 22. f3 Bh4 23. Qc4 e5 24. g4 Rh8 25. Qxc7 Rf8 26. Qxd6 Bg3 27. Qd7
Bh2+ 28. Kg2 Bf4 29. Nb3 Rh2+ 30. Kg1 Bh6 31. Qe6+ 1-0

[Event "Tournoi Skype 030B"]
[Site "Skype"]
[Date "????.??.??"]
[Round "1.40"]
[White "Dodi, Roberto"]
[Black "Khatanhar, Mohit"]
[Result "0-1"]
[WhiteElo "1000"]
[BlackElo "1180"]
[PlyCount "60"]

1. d4 d5 2. Nf3 Bf5 3. Bf4 Nf6 4. e3 e6 5. Nbd2 Nbd7 6. c3 c6 7. Be2 Be7 8. O-O
O-O 9. b3 h6 10. c4 Nh7 11. Nh4 Bxh4 12. Nf3 Re8 13. Re1 Bf6 14. cxd5 exd5 15.
Bd3 Bxd3 16. Qxd3 Bg5 17. Rab1 Re4 18. Bg3 Qf6 19. Nd2 Rae8 20. Nxe4 Rxe4 21.
a4 Bh4 22. Bf4 Ndf8 23. Rbc1 Ng6 24. Rc5 Nxf4 25. Qd2 Ng6 26. b4 a6 27. b5 axb5
28. axb5 Rg4 29. b6 Ng5 30. Ra1 Nf3+ 0-1

[Event "Tournoi Skype 030B"]
[Site "Skype"]
[Date "????.??.??"]
[Round "1.41"]
[White "Llabres, Sergio"]
[Black "Elvira Sanchez, Adalberto"]
[Result "1-0"]
[WhiteElo "1176"]
[BlackElo "1000"]
[PlyCount "65"]

1. d4 d5 2. Nf3 Nf6 3. e3 Bf5 4. Bd3 Bxd3 5. cxd3 e6 6. O-O Bd6 7. b3 O-O 8.
Bb2 Nbd7 9. Ne5 c5 10. Nd2 Qc7 11. Ndf3 Nxe5 12. dxe5 Bxe5 13. Bxe5 Qe7 14. Rc1
b6 15. Bb2 Rac8 16. Re1 e5 17. Nxe5 Nd7 18. Nxd7 Qxd7 19. e4 Rfe8 20. e5 Qd8
21. Qf3 Re7 22. Qg3 d4 23. Re4 Qf8 24. Rce1 Rce8 25. Rh4 h6 26. Bc1 Rxe5 27.
Rxe5 f6 28. Ree4 Rxe4 29. Rxe4 f5 30. Re5 f4 31. Bxf4 Qc8 32. Bxh6 Kh7 33.
Qxg7# 1-0

[Event "Tournoi Skype 030B"]
[Site "Skype"]
[Date "????.??.??"]
[Round "1.43"]
[White "De Coninck, Philippe"]
[Black "Franco Flores, Ximena"]
[Result "1-0"]
[WhiteElo "1173"]
[BlackElo "1000"]
[PlyCount "109"]

1. e4 e5 2. Nf3 Nc6 3. Bb5 Nf6 4. Bxc6 dxc6 5. O-O Bd6 6. Re1 Bg4 7. h3 Bxf3 8.
Qxf3 Qe7 9. d3 O-O-O 10. Bg5 h6 11. Bxf6 gxf6 12. Nd2 Bc5 13. c3 Qe6 14. b4 Be7
15. a4 Rhg8 16. Re3 Rg5 17. Nf1 f5 18. exf5 Rxf5 19. Qe2 f6 20. d4 h5 21. Ng3
Rg5 22. Nxh5 Rdg8 23. Rg3 e4 24. Rxg5 Rxg5 25. f4 Rg8 26. Re1 f5 27. Kh2 Bh4
28. Rg1 Qd6 29. g4 Qe6 30. gxf5 Qxf5 31. Rxg8+ Kd7 32. Rg7+ Ke6 33. Qc4+ Qd5
34. Qxd5+ cxd5 35. Rg6+ Kf5 36. Rg4 Be7 37. Ng7+ Kf6 38. Kg2 e3 39. Kf3 Bf8 40.
Nh5+ Kf5 41. Kxe3 Bh6 42. Ng3+ Kf6 43. Rh4 Kg6 44. Kf3 Bf8 45. Rg4+ Kf7 46. h4
b6 47. h5 c5 48. b5 cxd4 49. cxd4 Ke7 50. Nf5+ Kf6 51. Rg5 Bb4 52. h6 Bc3 53.
h7 Ke6 54. h8=Q Kd7 55. Qg7+ 1-0

[Event "Tournoi Skype 030B"]
[Site "Skype"]
[Date "????.??.??"]
[Round "1.44"]
[White "Gagnon, Sindy"]
[Black "Barrera Mendoza, Carlos"]
[Result "0-1"]
[WhiteElo "1000"]
[BlackElo "1166"]
[PlyCount "48"]

1. e4 e5 2. c3 Nf6 3. d3 Nc6 4. h3 Bc5 5. Be3 Bxe3 6. Qe2 Bb6 7. Nf3 O-O 8. d4
exd4 9. cxd4 Nxd4 10. Nxd4 Bxd4 11. Qd2 c5 12. Qxd4 cxd4 13. Bd3 Qb6 14. Nd2
Qxb2 15. Rd1 Re8 16. Ke2 d5 17. Kf3 dxe4+ 18. Kg3 exd3 19. h4 Re2 20. Rh2 Rxd2
21. Rdh1 Nh5+ 22. Kf3 Rxf2+ 23. Ke4 Rf4+ 24. Ke5 Qb5+ 0-1

[Event "Tournoi Skype 030B"]
[Site "Skype"]
[Date "????.??.??"]
[Round "1.45"]
[White "Conde, Carmen"]
[Black "Garcia Arzola, Antonio"]
[Result "1-0"]
[WhiteElo "1166"]
[BlackElo "1000"]
[PlyCount "133"]

1. e4 c5 2. Nf3 Nc6 3. Bc4 h6 4. Ne5 Nxe5 5. d4 Nxc4 6. dxc5 e5 7. Qd5 Nf6 8.
Qxc4 Qc7 9. Nc3 d5 10. exd5 Qxc5 11. Qb5+ Bd7 12. Qxb7 Rc8 13. Be3 Qc7 14. Qxc7
Rxc7 15. h3 Bc5 16. O-O O-O 17. Rad1 Bb4 18. d6 Rb7 19. Nd5 Bb5 20. c3 Bxf1 21.
Nxf6+ gxf6 22. cxb4 Bb5 23. Bxh6 Rd8 24. Be3 Bd7 25. a3 e4 26. Bc5 a5 27. Rf1
f5 28. f3 Re8 29. fxe4 Rxe4 30. Rf2 axb4 31. Bxb4 Rb5 32. Rc2 f4 33. Kf2 Rf5
34. Rc7 Bb5 35. d7 Re2+ 36. Kf3 Re3+ 37. Kg4 Rd5 38. Rc8+ Kg7 39. d8=Q Rxd8 40.
Rxd8 Rg3+ 41. Kxf4 Rxg2 42. Bc3+ f6 43. Rd6 Rf2+ 44. Kg4 Be2+ 45. Kg3 Rf3+ 46.
Kg2 Kg6 47. Rd2 Re3 48. h4 f5 49. Rd6+ Kh5 50. Rf6 Kg4 51. h5 Rf3 52. h6 Bf1+
53. Kg1 Kg3 54. h7 Bd3 55. Rg6+ Kf4 56. h8=Q Rf1+ 57. Kh2 Be4 58. Qe5+ Ke3 59.
Kg3 Rg1+ 60. Kh4 Rxg6 61. Qd4+ Kf3 62. Qd1+ Kf4 63. Qf1+ Ke3 64. Kh5 Rg2 65.
Qc1+ Kf3 66. Be5 f4 67. Qxf4+ 1-0

[Event "Tournoi Skype 030B"]
[Site "Skype"]
[Date "????.??.??"]
[Round "1.46"]
[White "Garcia De La Calva, Juan Ramon"]
[Black "De Nobrega, George"]
[Result "1-0"]
[WhiteElo "1000"]
[BlackElo "1166"]
[PlyCount "67"]

1. d4 Nf6 2. Nf3 d5 3. Bg5 e6 4. e3 Be7 5. c3 O-O 6. Nbd2 Ng4 7. h3 Nf6 8. Bd3
Nc6 9. Qc2 h6 10. Bh4 Nd7 11. Bxe7 Qxe7 12. O-O-O e5 13. e4 exd4 14. exd5 Nce5
15. Nxd4 Nxd3+ 16. Qxd3 Qc5 17. c4 Nb6 18. Kb1 Re8 19. Rc1 Qb4 20. Rhe1 Bd7 21.
a3 Qc5 22. Ne4 Qf8 23. g4 f5 24. gxf5 Bxf5 25. f3 Nd7 26. Qc3 Nc5 27. Nxf5 Nxe4
28. fxe4 Rad8 29. Nxg7 Re7 30. Ne6 Rxe6 31. dxe6 Rd6 32. Rg1+ Kh7 33. Rcf1 Qe8
34. Qg7# 1-0

[Event "Tournoi Skype 030B"]
[Site "Skype"]
[Date "????.??.??"]
[Round "1.47"]
[White "De Fazio, Monica"]
[Black "Gonzalez, Ivan"]
[Result "1-0"]
[WhiteElo "1153"]
[BlackElo "1000"]
[PlyCount "63"]

1. d4 g6 2. e4 e6 3. c4 c6 4. Nc3 Nf6 5. Bg5 Bg7 6. Nf3 d6 7. Bd3 O-O 8. O-O b6
9. Qd2 Nbd7 10. d5 Bb7 11. Rac1 e5 12. Na4 Qc7 13. b4 a6 14. c5 b5 15. Nc3 Rfe8
16. a4 dxc5 17. axb5 cxb4 18. dxc6 bxc3 19. Qxc3 Nb6 20. cxb7 Qxb7 21. bxa6 Qd7
22. Rfd1 Rac8 23. Qb2 Rxc1 24. Qxc1 Rc8 25. Qb1 Qd4 26. Nxd4 Na4 27. Ne2 Rd8
28. Bc2 Rxd1+ 29. Bxd1 Nc5 30. Qb8+ Bf8 31. Bxf6 Nxe4 32. a7 1-0

[Event "Tournoi Skype 030B"]
[Site "Skype"]
[Date "????.??.??"]
[Round "1.49"]
[White "Ortis, Yves"]
[Black "Jacinto Sebastian, Carlos Ivan"]
[Result "1-0"]
[WhiteElo "1148"]
[BlackElo "1000"]
[PlyCount "63"]

1. d4 e6 2. c4 b6 3. Nc3 Bb7 4. Bf4 f5 5. Nf3 Nf6 6. e3 Be7 7. Qa4 O-O 8. Bd3
d6 9. Ng5 Ng4 10. Nxe6 Bxg2 11. Rg1 Qc8 12. Nxf8 Bh3 13. Nd5 Bh4 14. O-O-O Qxf8
15. Nxc7 Bxf2 16. Rxg4 Bxg4 17. Rd2 a6 18. Nxa8 b5 19. Qb4 Nd7 20. Nc7 Bg1 21.
Bxd6 Qa8 22. Nxa8 Bf3 23. Kc2 Bxa8 24. Bxf5 g6 25. Be6+ Kg7 26. d5 Nf6 27. Rg2
Bxe3 28. Bf8+ Kh8 29. Qe7 Ne8 30. Qxe8 Bh6 31. Be7+ Kg7 32. Qf8# 1-0

[Event "Tournoi Skype 030B"]
[Site "Skype"]
[Date "????.??.??"]
[Round "1.50"]
[White "Koohnavard, Neda"]
[Black "Franca, Adilson Mendes"]
[Result "1/2-1/2"]
[WhiteElo "1000"]
[BlackElo "1147"]
[PlyCount "110"]

1. e4 e5 2. Nf3 Nf6 3. Bc4 Bc5 4. d3 d6 5. Be3 Bxe3 6. fxe3 Bg4 7. Nbd2 c6 8.
c3 Qb6 9. a3 Qxe3+ 10. Qe2 Qxe2+ 11. Kxe2 O-O 12. h3 Bh5 13. g4 Bg6 14. d4 Nxe4
15. Nxe4 Bxe4 16. Rhf1 exd4 17. Nxd4 Nd7 18. Rf4 Rae8 19. Kd2 d5 20. Bb3 Nc5
21. Bc2 Bxc2 22. Kxc2 Ne4 23. Raf1 a6 24. h4 c5 25. g5 cxd4 26. cxd4 g6 27. Rh1
Ng3 28. Rh2 Re2+ 29. Rxe2 Nxe2 30. Rg4 Re8 31. Kd3 Nc1+ 32. Kd2 Nb3+ 33. Kc3
Re3+ 34. Kc2 a5 35. h5 a4 36. hxg6 hxg6 37. Rg1 Re4 38. Rd1 Rxd4 39. Rxd4 Nxd4+
40. Kc3 Nb5+ 41. Kd3 Kg7 42. Ke3 f6 43. gxf6+ Kxf6 44. Kf4 d4 45. Kf3 Kf5 46.
Ke2 Ke4 47. Kd2 g5 48. Ke2 g4 49. Kf2 d3 50. Kg3 d2 51. Kxg4 d1=Q+ 52. Kg5 Qf1
53. Kg6 Ke5 54. b4 Qf6+ 55. Kh5 Kf5 1/2-1/2

[Event "Tournoi Skype 030B"]
[Site "Skype"]
[Date "????.??.??"]
[Round "1.51"]
[White "Parrales, Rodolfo"]
[Black "Lai, Mattia"]
[Result "1-0"]
[WhiteElo "1146"]
[BlackElo "1000"]
[PlyCount "33"]

1. d4 d5 2. Nc3 e6 3. a3 Be7 4. e3 Nc6 5. Nf3 Nf6 6. Bd3 Bd6 7. O-O O-O 8. Re1
Re8 9. e4 Ng4 10. exd5 Ne7 11. Bxh7+ Kh8 12. Ng5 Bxh2+ 13. Kf1 Rf8 14. Qxg4 Nf5
15. Bxf5 exf5 16. Qh5+ Kg8 17. Qh7# 1-0

[Event "Tournoi Skype 030B"]
[Site "Skype"]
[Date "????.??.??"]
[Round "1.52"]
[White "Marroquin Mayhua, Silvia"]
[Black "Rosenkoetter, David"]
[Result "0-1"]
[WhiteElo "1000"]
[BlackElo "1143"]
[PlyCount "90"]

1. e4 e5 2. Nc3 Nf6 3. d3 d5 4. Be2 Bb4 5. a3 Ba5 6. Nf3 d4 7. b4 Bb6 8. Nd5
Nxd5 9. exd5 Qxd5 10. O-O O-O 11. c4 dxc3 12. Be3 Bxe3 13. fxe3 h6 14. Qe1 Qc6
15. Qf2 Re8 16. e4 a5 17. bxa5 Qf6 18. Nh4 Qxf2+ 19. Rxf2 Nc6 20. Rc1 Rxa5 21.
Rxc3 Nd4 22. Bh5 Be6 23. h3 Nb3 24. Kh2 Rxa3 25. Nf5 Ra1 26. Bf3 Nd4 27. Nxd4
exd4 28. Rxc7 Rb8 29. Bg4 Bxg4 30. Rcxf7 Be6 31. Re7 b5 32. g4 Ba2 33. h4 b4
34. g5 hxg5 35. hxg5 b3 36. Rff7 Kh8 37. g6 b2 38. Rxg7 b1=Q 39. Rh7+ Kg8 40.
g7 Kxh7 41. Re5 Rg8 42. Rg5 Qh1+ 43. Kg3 Rg1+ 44. Kf4 Qh4+ 45. Kf5 Qxg5# 0-1

[Event "Tournoi Skype 030B"]
[Site "Skype"]
[Date "????.??.??"]
[Round "1.53"]
[White "Rivalta, Paolo"]
[Black "Mfengu, Daluthando"]
[Result "1-0"]
[WhiteElo "1142"]
[BlackElo "1000"]
[PlyCount "65"]

1. e4 e5 2. Nf3 Nc6 3. Bc4 Nd4 4. c3 Nxf3+ 5. Qxf3 Nf6 6. d4 d5 7. exd5 Bg4 8.
Qg3 exd4 9. cxd4 Bd6 10. Bf4 Qe7+ 11. Be5 Bb4+ 12. Nc3 O-O 13. O-O Bd6 14. Rfe1
Rfe8 15. Bb5 Bd7 16. Bxd7 Qxd7 17. h3 Bxe5 18. dxe5 Nxd5 19. Rad1 c6 20. b4 b5
21. Qf3 Qc7 22. Nxd5 cxd5 23. Rxd5 Qc4 24. a3 Rad8 25. Rxd8 Rxd8 26. Qb7 Qc3
27. Re3 Qc1+ 28. Kh2 h6 29. Qxa7 f6 30. exf6 gxf6 31. Rg3+ Kf8 32. Rg7 Qc4 33.
Qe7# 1-0

[Event "Tournoi Skype 030B"]
[Site "Skype"]
[Date "????.??.??"]
[Round "1.54"]
[White "Molina, Maria Lucia"]
[Black "Jimenez Del Rosario, Alsis Raynely"]
[Result "0-1"]
[WhiteElo "1000"]
[BlackElo "1141"]
[PlyCount "42"]

1. e4 e5 2. Nf3 Nc6 3. Bc4 Nf6 4. Ng5 d5 5. Bb5 Nxe4 6. Qe2 Nxg5 7. O-O e4 8.
c3 Bd7 9. d4 Be7 10. Bd3 exd3 11. Qxd3 O-O 12. b4 a5 13. f4 Ne4 14. Nd2 Nxd2
15. Qxd2 axb4 16. cxb4 Bxb4 17. Qd1 Bc3 18. Qd2 Bxd2 19. Bxd2 Nxd4 20. Rfe1 Nc2
21. Rad1 Nxe1 0-1

[Event "Tournoi Skype 030B"]
[Site "Skype"]
[Date "????.??.??"]
[Round "1.55"]
[White "Linares Vernet, Ana"]
[Black "Morales Terreros, Jose Luis"]
[Result "0-1"]
[WhiteElo "1140"]
[BlackElo "1000"]
[PlyCount "62"]

1. d4 d5 2. Bf4 Nc6 3. e3 a6 4. Nf3 Nf6 5. c3 Bf5 6. Bd3 Ne4 7. Ne5 Nxe5 8.
Bxe5 f6 9. f3 fxe5 10. fxe4 dxe4 11. Be2 exd4 12. cxd4 e6 13. Nc3 Be7 14. O-O
O-O 15. Bg4 c5 16. Bxf5 exf5 17. d5 c4 18. Qd4 b5 19. a3 Rc8 20. Ne2 Bc5 21.
Qd2 Qb6 22. Nd4 f4 23. Kh1 fxe3 24. Qxe3 Bxd4 25. Qxe4 Rfe8 26. Qf5 Qg6 27.
Qxg6 hxg6 28. Rab1 Re2 29. d6 Bxb2 30. d7 Rd2 31. Rf3 Rxd7 0-1

[Event "Tournoi Skype 030B"]
[Site "Skype"]
[Date "????.??.??"]
[Round "1.56"]
[White "Nontsikelelo, Yvonne"]
[Black "Barba Cepeda, Julio Cesar"]
[Result "1/2-1/2"]
[WhiteElo "1000"]
[BlackElo "1139"]
[PlyCount "39"]

1. e4 e5 2. Nf3 Nc6 3. b3 Nf6 4. Bb2 d6 5. Nc3 Be7 6. Bc4 O-O 7. Ng5 Bg4 8. Nf3
Nd4 9. h3 Bh5 10. O-O Nxf3+ 11. gxf3 Bg6 12. Nd5 Nh5 13. Nxe7+ Qxe7 14. Kh2 Nf4
15. d4 Qg5 16. Rg1 Qh4 17. Rg3 Kh8 18. dxe5 f5 19. exf5 Bxf5 20. Bf1 1/2-1/2

[Event "Tournoi Skype 030B"]
[Site "Skype"]
[Date "????.??.??"]
[Round "1.57"]
[White "Wildt, Gerti"]
[Black "Erten, Ozlem"]
[Result "0-1"]
[WhiteElo "1000"]
[BlackElo "1138"]
[PlyCount "100"]

1. d4 d5 2. Bf4 e6 3. e3 Bd6 4. Bg3 Nf6 5. c3 Ne4 6. Bd3 Nxg3 7. hxg3 g6 8. Nf3
Nd7 9. Nbd2 e5 10. Nxe5 Nxe5 11. dxe5 Bxe5 12. Nf3 Bf6 13. O-O Be6 14. Re1 Qe7
15. e4 dxe4 16. Bxe4 Rd8 17. Qc2 O-O 18. Bxb7 Qc5 19. Be4 Rfe8 20. b4 Qc4 21.
Bd3 Rxd3 22. Rad1 Rxd1 23. Rxd1 Qxa2 24. Qd3 Rd8 25. Nd4 Bxd4 26. cxd4 Bf5 27.
Qf3 Qd5 28. Qe3 Qe4 29. b5 Qxe3 30. fxe3 Be4 31. Kf2 Kg7 32. Rc1 Rc8 33. Ra1
Ra8 34. Ra6 Bb7 35. Ra4 a6 36. g4 axb5 37. Rb4 Ra2+ 38. Kg3 Rxg2+ 39. Kf4 c6
40. e4 Bc8 41. d5 Rxg4+ 42. Ke5 cxd5 43. exd5 Rxb4 44. Kd6 Bb7 45. Kc5 Bxd5 46.
Kxb4 Bc4 47. Kc5 h5 48. Kb4 h4 49. Kc5 h3 50. Kb4 h2 0-1

[Event "Tournoi Skype 030B"]
[Site "Skype"]
[Date "????.??.??"]
[Round "1.58"]
[White "Gomez Caballero, Blas"]
[Black "Onafeko, Dammie"]
[Result "1-0"]
[WhiteElo "1133"]
[BlackElo "1000"]
[PlyCount "75"]

1. d4 g6 2. e3 d5 3. Be2 Bg7 4. Nc3 c6 5. Bg4 Bxg4 6. Qxg4 f5 7. Qf3 Nf6 8. Bd2
O-O 9. O-O-O e6 10. Nh3 Nbd7 11. Ng5 Bh6 12. Nxe6 Qe8 13. Nxf8 Qxf8 14. h3 Re8
15. Rde1 Qf7 16. g4 fxg4 17. hxg4 Qf8 18. Qh3 Bg7 19. g5 Nh5 20. Qxd7 Re7 21.
Qd6 Re8 22. Qxf8+ Rxf8 23. Ref1 Rf5 24. Rhg1 Bf8 25. Ne2 Ng7 26. Nf4 Bd6 27.
Nh3 Bh2 28. Rg2 Bd6 29. Re1 Ne6 30. e4 dxe4 31. Rxe4 Ng7 32. Bf4 Rd5 33. Bxd6
Rxd6 34. Nf4 Nf5 35. Ne6 Nh4 36. Rgg4 Nf3 37. Rgf4 Nxg5 38. Rf8# 1-0

[Event "Tournoi Skype 030B"]
[Site "Skype"]
[Date "????.??.??"]
[Round "1.59"]
[White "Pirola, Gabriele"]
[Black "Rodriguez, Nathalie"]
[Result "1-0"]
[WhiteElo "1000"]
[BlackElo "1127"]
[PlyCount "59"]

1. Nf3 d5 2. d4 Bf5 3. c3 e6 4. e3 c5 5. Nbd2 Nc6 6. Qb3 Qc7 7. Qa4 Nf6 8. Bb5
a6 9. Ne5 Nd7 10. Bxc6 bxc6 11. Qxc6 Qxc6 12. Nxc6 cxd4 13. exd4 Rc8 14. Ne5
Nxe5 15. dxe5 Bc5 16. O-O O-O 17. h3 Bd3 18. Rd1 f6 19. exf6 Rxf6 20. Nf3 Be4
21. Nd4 Rg6 22. g3 Rf8 23. Be3 e5 24. Nf5 d4 25. cxd4 exd4 26. Bxd4 Bxd4 27.
Ne7+ Kf7 28. Nxg6 Kxg6 29. Rxd4 Bc6 30. Rd6+ 1-0

[Event "Tournoi Skype 030B"]
[Site "Skype"]
[Date "????.??.??"]
[Round "1.60"]
[White "Herrera, Oscar"]
[Black "Radice, Marco"]
[Result "1-0"]
[WhiteElo "1126"]
[BlackElo "1000"]
[PlyCount "73"]

1. e4 c5 2. Nc3 d6 3. Bc4 e6 4. d3 Nc6 5. Nf3 Nf6 6. h3 a6 7. a3 Be7 8. O-O O-O
9. Be3 b5 10. Ba2 Bb7 11. Re1 b4 12. axb4 cxb4 13. Na4 Rb8 14. Nb6 d5 15. Na4
Bd6 16. Bc5 Bxc5 17. Nxc5 Ne7 18. e5 Nd7 19. Nxb7 Rxb7 20. Qe2 Nf5 21. c3 b3
22. Bb1 Nc5 23. d4 Ne4 24. Bxe4 dxe4 25. Qxe4 Ra7 26. Qg4 f6 27. Nh4 Nxh4 28.
Qxh4 Qe8 29. Qe4 f5 30. Qf3 f4 31. d5 exd5 32. Qxd5+ Qf7 33. e6 Qf5 34. Qxb3 f3
35. e7+ Qf7 36. e8=Q Rxe8 37. Rxe8# 1-0

[Event "Tournoi Skype 030B"]
[Site "Skype"]
[Date "????.??.??"]
[Round "1.61"]
[White "Resende, Paulo"]
[Black "Yanez, Leticia Jorgelina"]
[Result "1-0"]
[WhiteElo "1000"]
[BlackElo "1120"]
[PlyCount "85"]

1. e4 c5 2. Nf3 d6 3. d4 cxd4 4. Nxd4 Nf6 5. Nc3 g6 6. Be2 Bg7 7. Be3 O-O 8.
Qd2 Nbd7 9. f3 a6 10. O-O-O Re8 11. g4 Nf8 12. h4 e5 13. Nb3 Be6 14. Qxd6 Qxd6
15. Rxd6 Bxb3 16. axb3 b5 17. Rhd1 Ne6 18. Nd5 Rad8 19. Nxf6+ Bxf6 20. Rxd8
Nxd8 21. Rd6 Bg7 22. Rxa6 Kf8 23. Ra8 Bf6 24. Bc5+ Kg7 25. g5 Be7 26. Bxe7 Rxe7
27. Rxd8 f6 28. Bxb5 Kf7 29. Rd7 Ke6 30. Rxe7+ Kxe7 31. c4 f5 32. c5 Kd8 33.
Bc6 f4 34. b4 Kc8 35. b5 Kc7 36. Kc2 Kd8 37. b6 Ke7 38. b7 h6 39. gxh6 Kf7 40.
b8=Q g5 41. Qxe5 Kg6 42. Qg7+ Kh5 43. Qxg5# 1-0

[Event "Tournoi Skype 030B"]
[Site "Skype"]
[Date "????.??.??"]
[Round "1.62"]
[White "Abate, Luigi"]
[Black "Salvi, Angele"]
[Result "0-1"]
[WhiteElo "1119"]
[BlackElo "1000"]
[PlyCount "112"]

1. e4 d5 2. exd5 Nf6 3. c4 Bf5 4. Nf3 g6 5. d4 Bg7 6. Bd3 Bg4 7. h3 Bd7 8. O-O
O-O 9. Re1 Re8 10. Nc3 c6 11. dxc6 Nxc6 12. d5 Nb4 13. Be4 a5 14. a3 Na6 15.
Bf4 Nc5 16. Bd3 Nh5 17. Bg5 f6 18. Be3 Qc8 19. g4 Bxg4 20. hxg4 Qxg4+ 21. Kf1
Nxd3 22. Ke2 Nxe1 23. Qxe1 Qxc4+ 24. Kd2 Kf7 25. Rd1 e6 26. d6 Qc6 27. Kc1 Red8
28. Nd4 Qc4 29. Ndb5 Rd7 30. Qh1 Rc8 31. Rd4 Qc6 32. Qh3 f5 33. Kb1 Bxd4 34.
Bxd4 Qc4 35. Be5 Qc5 36. Bd4 Qc4 37. Qh2 Qd3+ 38. Ka2 Qc4+ 39. Kb1 Qb3 40. f3
Kg8 41. Qd2 Qc4 42. Na7 Ra8 43. Nab5 Qf1+ 44. Ka2 Qxf3 45. Bb6 Nf6 46. Nc7 Ne4
47. Nxe4 Qxe4 48. Nxa8 Qc4+ 49. Kb1 Qa6 50. Bc7 Qxa8 51. Qc3 Qa6 52. Qb3 Kf7
53. Qc3 h5 54. Qh8 Qc6 55. Qh7+ Kf6 56. Qxd7 Qxd7 0-1

[Event "Tournoi Skype 030B"]
[Site "Skype"]
[Date "????.??.??"]
[Round "1.63"]
[White "Samudio Villarreal, Eduardo"]
[Black "Crocioni, Luca"]
[Result "0-1"]
[WhiteElo "1000"]
[BlackElo "1119"]
[PlyCount "46"]

1. e4 e5 2. d3 Bc5 3. Be3 Bxe3 4. fxe3 d6 5. Qe2 Nf6 6. Nc3 Nc6 7. b3 Ng4 8.
O-O-O Nf6 9. g4 Bxg4 10. h3 Bxe2 11. Bxe2 O-O 12. Nf3 Nh5 13. Rhg1 Qf6 14. Rg4
g6 15. Ng5 Qf2 16. Bf1 Qxe3+ 17. Kb2 Ng3 18. Bg2 Nd4 19. b4 Qf2 20. Bf3 Qxc2+
21. Ka3 Qxc3+ 22. Ka4 Qc2+ 23. Ka5 Qxa2# 0-1

[Event "Tournoi Skype 030B"]
[Site "Skype"]
[Date "????.??.??"]
[Round "1.64"]
[White "Mira Poveda, Jose Antonio"]
[Black "Santa Cruz, Oscar Ruben"]
[Result "1-0"]
[WhiteElo "1117"]
[BlackElo "1000"]
[PlyCount "37"]

1. e4 e6 2. d4 d5 3. Nc3 dxe4 4. Nxe4 Bb4+ 5. c3 Bd6 6. Bc4 Bd7 7. Nf3 Nc6 8.
O-O Qe7 9. Re1 O-O-O 10. d5 Ne5 11. Nxe5 Bxe5 12. Qb3 b6 13. Ba6+ Kb8 14. Be3
exd5 15. Qxd5 c6 16. Qb3 Kc7 17. Rad1 c5 18. Bxc5 bxc5 19. Qb7# 1-0

[Event "Tournoi Skype 030B"]
[Site "Skype"]
[Date "????.??.??"]
[Round "1.65"]
[White "Schnell, Nicolas"]
[Black "Montilla Bejarano, Mey"]
[Result "1-0"]
[WhiteElo "1000"]
[BlackElo "1116"]
[PlyCount "57"]

1. e4 d5 2. Nc3 d4 3. Nd5 c6 4. Nf4 e5 5. Nd3 Bd6 6. Nf3 Nd7 7. c4 Ngf6 8. Qb3
Nxe4 9. c5 Nexc5 10. Nxc5 Nxc5 11. Qc4 b5 12. Qc2 Qf6 13. d3 Bf5 14. Qe2 Nxd3+
15. Kd1 O-O 16. Bg5 Qg6 17. Bd2 Nxb2+ 18. Ke1 Bd3 19. Nh4 Qf6 20. Qg4 Bxf1 21.
Kxf1 Nd3 22. f3 h6 23. Nf5 Kh8 24. Bg5 hxg5 25. Qh5+ Kg8 26. Qg4 Bc7 27. h4
Rfe8 28. hxg5 Bd8 29. gxf6 1-0

[Event "Tournoi Skype 030B"]
[Site "Skype"]
[Date "????.??.??"]
[Round "1.67"]
[White "Trapletti, Cosetta"]
[Black "Delgado Abate, Bryan Xavier"]
[Result "1/2-1/2"]
[WhiteElo "1000"]
[BlackElo "1109"]
[PlyCount "90"]

1. d4 Nf6 2. c4 d5 3. Bf4 e6 4. e3 Ne4 5. Qc2 c6 6. Bd3 g5 7. Bg3 h5 8. h4 Nxg3
9. fxg3 g4 10. Nc3 Bd6 11. Nge2 Qf6 12. Rf1 Qg7 13. O-O-O O-O 14. cxd5 cxd5 15.
e4 e5 16. Nb5 Qh6+ 17. Kb1 Na6 18. dxe5 Bxe5 19. exd5 Nb4 20. Qc5 Nxd3 21. Rxd3
Re8 22. Re1 Bxg3 23. Rxg3 Qd2 24. a3 Qxe1+ 25. Ka2 Qxe2 26. Nc7 Qe5 27. Nxa8
Qxg3 28. Nc7 Re5 29. Qc1 b6 30. d6 Rc5 31. Qd1 Rxc7 32. dxc7 Qxc7 33. Qb1 Be6+
34. b3 Qg3 35. a4 Qxg2+ 36. Ka3 Qg3 37. Kb4 Qxb3+ 38. Qxb3 Bxb3 39. Kxb3 g3 40.
Kb4 g2 41. Kb5 g1=Q 42. Ka6 Qd4 43. a5 Qxh4 44. Kb5 bxa5 45. Kxa5 Qc4 1/2-1/2

[Event "Tournoi Skype 030B"]
[Site "Skype"]
[Date "????.??.??"]
[Round "1.68"]
[White "Reese, Evan"]
[Black "Valencia Gutierrez, Victor Hugo"]
[Result "1-0"]
[WhiteElo "1107"]
[BlackElo "1000"]
[PlyCount "39"]

1. e4 e5 2. g3 Nc6 3. Bg2 Bc5 4. Ne2 Nf6 5. Nbc3 d6 6. O-O Ng4 7. d3 Qf6 8. Be3
Nd4 9. Nd5 Qg6 10. Nxc7+ Kd7 11. Nxa8 b6 12. c3 Qh5 13. h3 Nf3+ 14. Bxf3 Qxh3
15. Bxg4+ Qxg4 16. Qa4+ Ke7 17. Qxa7+ Ke6 18. Nc7+ Kf6 19. Nd5+ Ke6 20. Qe7#
1-0

[Event "Tournoi Skype 030B"]
[Site "Skype"]
[Date "????.??.??"]
[Round "1.70"]
[White "Bellati, Fabio"]
[Black "Wenckstern, Roberto"]
[Result "0-1"]
[WhiteElo "1104"]
[BlackElo "1000"]
[PlyCount "48"]

1. c4 c5 2. Nc3 e5 3. Nf3 Nc6 4. e3 Nf6 5. d4 cxd4 6. exd4 exd4 7. Nxd4 Ne7 8.
Nf5 Nxf5 9. Bd3 d6 10. O-O Be7 11. Nd5 Nxd5 12. cxd5 O-O 13. Qc2 g6 14. Bxf5
Bxf5 15. Qc3 Bf6 16. Qb4 Qd7 17. Re1 Rac8 18. Bf4 Be7 19. Re2 Rc5 20. Rae1 Re8
21. Bg5 a5 22. Qb6 Rxd5 23. Rxe7 Rxe7 24. Rxe7 Rd1+ 0-1